000 00734nam a2200241 a 4500
001 80059)
003 BD-RjUL
005 20220629132138.0
008 220629s1907 ne 000 0 ara d
035 _a(BD-RjUL)80059)
040 _aHAI
_beng
_cBD-RjUL
041 0 _aara
082 _223
_a910.91767
_bGOS 1907
100 1 _aGoeje, M. J. de
_q(Michael Jan),
_d1836-1909
_93944
245 1 0 _aSelections from Arabic geographical literature /
_cM J de Goeje
260 _aLeiden :
_bBrill,
_c1907
300 _ax, 114 p. ;
_c20 cm.
490 _aSemitic study series;
_vno. 8
650 4 _aArabic language
_vReaders
_91519
650 4 _aGeography, Medieval
_93945
830 _aSemitic study series;
_vno. 8
_93946
942 _2ddc
_cBK
999 _c80059
_d80059